01835cam a22003615i 450000100060000000300080000600500170001400800410003102000180007202000260009003500190011604000430013504100080017808200250018611000750021124502350028626000470052130000280056849001170059650600430071365000240075665000310078065000440081171000420085577300200089777300720091777600360098983001250102585601550115094200120130599900170131795201390133452108BD-RjUL20211209075744.0160906m19651967ne | s |||| 0|eng d a9789401527217 a9789401515962 (print) a(BD-RjUL)52228 dWaSeSSdBD-RjULaBD-RjULbengcBD-RjUL aeng04a341.48223bYEA 19672 aDirectorate of Human Rights of the Council of Europe.eeditor.915586310aYearbook of the European Convention on Human Rights, Annuaire de la Convention Europeenne des Droits de L'Homme :bThe European Commission and European Court of Human Rights, Commission et Cour Europeennes des Droits de L'Homme. / aThe Hague :bMartinus Nijhoff,c1965, 1967 axiii, 583 p. ;c25 cm. 1 aYearbook of the European Convention on Human Rights / Annuaire de la Convention Europeenne des Droits de L'Homme aLicense restrictions may limit access. 0aHumanities.915585914aHumanities / Arts.9155860142Human rights vCases. zEurope 91558612 aSpringerLink (Online service)91513470 tSpringer eBooks 0tSpringerLink ebooks - Humanities, Social Sciences and Law (Archive)08iPrinted edition:z9789401515962 0aYearbook of the European Convention on Human Rights / Annuaire de la Convention Europeenne des Droits de L'Homme915586440uhttp://www.columbia.edu/cgi-bin/cul/resolve?clio11990593zFull text available from SpringerLink ebooks - Humanities, Social Sciences and Law (Archive) 2ddccBK c52108d52108 00102ddc40708NFICaRUCLbRUCLcStackd1968-01-05eZeitlingerg195.00l0o341.48 YEA 1967r2016-09-06 00:00:00tC-2w2016-09-06yBK